[Event "25th European Teams"]
[Site "Batumi GEO"]
[Date "2025.10.07"]
[Round "3.9"]
[Board "4"]
[White "Druska, Juraj"]
[Black "Gledura, Benjamin"]
[Result "0-1"]
[WhiteTitle "IM"]
[BlackTitle "GM"]
[WhiteElo "2451"]
[BlackElo "2643"]
[WhiteTeam "Slovakia"]
[BlackTeam "Hungary"]
[WhiteFideId "14915650"]
[BlackFideId "712779"]
[EventDate "2025.10.05"]

1. d4 Nf6 2. c4 g6 3. Nc3 d5 4. Nf3 Bg7 5. Bg5 dxc4 6. e4 h6 7. Bxf6 exf6 8.
Bxc4 O-O 9. O-O Bg4 10. d5 a6 11. h3 Bxf3 12. Qxf3 Qd6 13. h4 h5 14. g4 Nd7 15.
gxh5 Ne5 16. Qe2 f5 17. Bb3 f4 18. f3 Bf6 19. Qh2 Kg7 20. h6+ Kxh6 21. Qxf4+ Kg7
22. Kg2 Rh8 23. Rh1 Rh5 24. Ne2 Rah8 25. Ng3 Rxh4 26. Rxh4 Bxh4 27. Ne2 Bf6 28.
Ng3 Qb6 29. Rh1 Rxh1 30. Nxh1 Qd4 31. Qc1 Nd3 32. Qd2 Qxb2 33. Qxb2 Bxb2 34. Nf2
Nc1 35. f4 Bd4 36. d6 cxd6 37. Bd5 Bxf2 38. Kxf2 Nd3+ 39. Ke3 Nc5 40. e5 dxe5
41. fxe5 b6 42. Bc4 g5 43. Be2 f5 44. exf6+ Kxf6 45. Kd4 Ke6 46. Bg4+ Kd6 47.
Be2 b5 48. Bg4 a5 49. Be2 Ne6+ 50. Ke4 Kc5 51. Bd1 Nd4 52. a3 Kc4 53. Ke5 Kc3 0-1

[Event "25th European Teams"]
[Site "Batumi GEO"]
[Date "2025.10.07"]
[Round "3.10"]
[Board "1"]
[White "Vitiugov, Nikita"]
[Black "Kazakouski, Valery"]
[Result "1/2-1/2"]
[WhiteTitle "GM"]
[BlackTitle "GM"]
[WhiteElo "2654"]
[BlackElo "2581"]
[WhiteTeam "England"]
[BlackTeam "Lithuania"]
[WhiteFideId "4152956"]
[BlackFideId "13507443"]
[EventDate "2025.10.05"]

1. e4 e5 2. Nf3 Nc6 3. Bb5 Nf6 4. d3 Bc5 5. Bxc6 dxc6 6. h3 Qe7 7. Nbd2 a5 8.
Nc4 Nd7 9. O-O O-O 10. a4 Re8 11. Be3 b6 12. Bxc5 Qxc5 13. Kh1 f6 14. Nh4 Nf8
15. Ne3 Ne6 16. Nf3 Ba6 17. g3 Rad8 18. h4 Qf8 19. Kh2 c5 20. b3 Nd4 21. Nd2 Bc8
22. f3 f5 23. exf5 Nxf5 24. Qe1 Nd4 25. Qf2 Rd7 26. Qg2 Rf7 27. Rf2 Bb7 28. Raf1
Qe7 29. Ne4 Ref8 30. Kg1 h6 31. Kh2 Qe6 32. f4 Qg6 33. fxe5 Rxf2 34. Rxf2 Rxf2
35. Qxf2 Bxe4 36. dxe4 Qxe4 37. Qf4 Qxe5 38. Qxe5 Nf3+ 39. Kg2 Nxe5 40. Nd5 Nc6
41. Nxc7 1/2-1/2

[Event "25th European Teams"]
[Site "Batumi GEO"]
[Date "2025.10.07"]
[Round "3.10"]
[Board "2"]
[White "Stremavicius, Titas"]
[Black "Maroroa Jones, Gawain C B"]
[Result "0-1"]
[WhiteTitle "GM"]
[BlackTitle "GM"]
[WhiteElo "2531"]
[BlackElo "2643"]
[WhiteTeam "Lithuania"]
[BlackTeam "England"]
[WhiteFideId "12804444"]
[BlackFideId "409561"]
[EventDate "2025.10.05"]

1. Nf3 Nf6 2. c4 g6 3. Nc3 Bg7 4. e4 d6 5. d4 O-O 6. Bd3 Nc6 7. d5 Nb4 8. Bb1 e6
9. O-O Re8 10. h3 exd5 11. exd5 a5 12. Bg5 h6 13. Be3 Nd7 14. a3 Na6 15. Qd2
Nac5 16. Ba2 Kh7 17. Rae1 f5 18. Bd4 Nf6 19. Rxe8 Qxe8 20. Re1 Qf8 21. Nb5 Nce4
22. Qe3 c5 23. Bxf6 Bxf6 24. Bb1 Bd7 25. Nc7 Rc8 26. Ne6 Bxe6 27. dxe6 Re8 28.
Bxe4 Rxe6 29. Nd2 Bg5 30. f4 Bf6 31. Kh2 b5 32. Qd3 Bd4 33. b3 a4 34. bxa4 fxe4
35. Rxe4 bxc4 36. Nxc4 Qf5 37. Rxd4 cxd4 38. Qxd4 Qc5 39. Qd3 Re1 40. Qd2 Re4
41. Nxd6 Rd4 42. Nb7 Qd5 43. Qc3 Rxf4 44. Na5 Qd6 45. Nb7 Qb8 0-1

[Event "25th European Teams"]
[Site "Batumi GEO"]
[Date "2025.10.07"]
[Round "3.10"]
[Board "3"]
[White "McShane, Luke J"]
[Black "Pultinevicius, Paulius"]
[Result "1-0"]
[WhiteTitle "GM"]
[BlackTitle "GM"]
[WhiteElo "2614"]
[BlackElo "2532"]
[WhiteTeam "England"]
[BlackTeam "Lithuania"]
[WhiteFideId "404853"]
[BlackFideId "12809390"]
[EventDate "2025.10.05"]

1. e4 c5 2. Nf3 e6 3. d4 cxd4 4. Nxd4 Nc6 5. Nc3 Qc7 6. Ncb5 Qb8 7. Bd3 Nf6 8.
O-O a6 9. Nxc6 bxc6 10. Nd4 c5 11. Nf3 c4 12. Bxc4 Nxe4 13. b3 Be7 14. Bb2 O-O
15. Bd3 Nf6 16. Ne5 Bb7 17. Re1 d6 18. Ng4 Qd8 19. Re3 g6 20. Nh6+ Kg7 21. Qd2
e5 22. f4 Kxh6 23. fxe5 Nh5 24. Rf1 Bg5 25. Qf2 dxe5 26. Rxe5 f5 27. Rfe1 Rf7
28. Re6 Nf4 29. h4 Nxg2 30. hxg5+ Qxg5 31. Kf1 f4 32. R1e5 Qg4 33. Be2 f3 34.
Bd3 Qh3 35. Kg1 Nf4 36. Re7 Qg4+ 37. Kf1 Qg2+ 38. Ke1 Qxf2+ 39. Kxf2 Raf8 40.
Bc1 Rxe7 41. Rxe7 1-0

[Event "25th European Teams"]
[Site "Batumi GEO"]
[Date "2025.10.07"]
[Round "3.10"]
[Board "4"]
[White "Morkunas, Gustas"]
[Black "Royal, Shreyas"]
[Result "0-1"]
[WhiteTitle "FM"]
[BlackTitle "GM"]
[WhiteElo "2324"]
[BlackElo "2501"]
[WhiteTeam "Lithuania"]
[BlackTeam "England"]
[WhiteFideId "12831026"]
[BlackFideId "448869"]
[EventDate "2025.10.05"]

1. d4 Nf6 2. c4 e6 3. g3 d5 4. Nf3 dxc4 5. Bg2 Nbd7 6. O-O c6 7. a4 b6 8. Nfd2
Ba6 9. Bxc6 Rc8 10. Bb5 Bb7 11. Nc3 h5 12. e4 h4 13. Qe2 hxg3 14. fxg3 Be7 15.
Bxc4 O-O 16. Nf3 Nxe4 17. Nxe4 Bxe4 18. Ba6 Bd5 19. Bxc8 Qxc8 20. Qd1 e5 21. Be3
exd4 22. Qxd4 Qc6 23. Rac1 Nc5 24. Qg4 Qe6 25. Qxe6 fxe6 26. Nd4 Bf6 27. a5 Nd3
28. Rc2 bxa5 29. g4 Kh7 30. g5 Bxd4 31. Bxd4 Nf4 32. Rxf4 Rxf4 33. Be3 Re4 34.
Kf2 Kg6 35. h3 Rb4 36. Bd2 Rb3 37. Be3 a4 38. Ke2 Kf5 39. Rd2 a5 40. h4 g6 41.
Kf2 Be4 42. Ke2 e5 43. Bf2 Kg4 44. Ke1 Bf3 45. Rc2 e4 46. Bd4 Rd3 47. Rc4 a3 48.
bxa3 Rxa3 49. Rc6 Rd3 50. Bb6 Rd1+ 0-1

[Event "25th European Teams"]
[Site "Batumi GEO"]
[Date "2025.10.07"]
[Round "3.11"]
[Board "1"]
[White "Grandelius, Nils"]
[Black "Alekseenko, Kirill"]
[Result "1-0"]
[WhiteTitle "GM"]
[BlackTitle "GM"]
[WhiteElo "2645"]
[BlackElo "2679"]
[WhiteTeam "Sweden"]
[BlackTeam "Austria"]
[WhiteFideId "1710400"]
[BlackFideId "4135539"]
[EventDate "2025.10.05"]

1. e4 e5 2. Nf3 Nc6 3. Bb5 a6 4. Ba4 Nf6 5. O-O Be7 6. Re1 b5 7. Bb3 O-O 8. a4
b4 9. a5 d6 10. d3 Be6 11. Bxe6 fxe6 12. Nbd2 d5 13. h3 d4 14. Nc4 Nd7 15. Bd2
Rb8 16. Rf1 Rb5 17. b3 Bd6 18. Ng5 Qe8 19. Qg4 Nd8 20. f4 exf4 21. Nxd6 cxd6 22.
Rxf4 Nf6 23. Qh4 h6 24. Nf3 Nc6 25. Nh2 Rc5 26. Rc1 Ne5 27. Rff1 Qc6 28. Bxh6
Rxc2 29. Qg5 Ne8 30. Rxf8+ Kxf8 31. Rf1+ Kg8 32. Qe7 Kh7 33. Bf4 Nxd3 34. Nf3
Nxf4 35. Ng5+ Kg6 36. Rxf4 Rc1+ 37. Kh2 Rh1+ 38. Kg3 Qc3+ 39. Kh4 Rxh3+ 40. Nxh3 1-0

[Event "25th European Teams"]
[Site "Batumi GEO"]
[Date "2025.10.07"]
[Round "3.11"]
[Board "2"]
[White "Horvath, Dominik"]
[Black "Seo, Jung Min"]
[Result "1/2-1/2"]
[WhiteTitle "GM"]
[BlackTitle "IM"]
[WhiteElo "2558"]
[BlackElo "2483"]
[WhiteTeam "Austria"]
[BlackTeam "Sweden"]
[WhiteFideId "1642561"]
[BlackFideId "1734687"]
[EventDate "2025.10.05"]

1. e4 e5 2. Nf3 Nc6 3. Bb5 Nf6 4. O-O Nxe4 5. Re1 Nd6 6. a4 Be7 7. Nc3 a6 8. Bf1
Nf5 9. Nxe5 Nxe5 10. Rxe5 d6 11. Re1 d5 12. d4 O-O 13. a5 c6 14. Ne2 Bb4 15. Bd2
Bd6 16. c3 Qc7 17. g3 Ne7 18. Nf4 Bf5 19. b3 Rfe8 20. c4 Ng6 21. Ng2 Rxe1 22.
Bxe1 Qd7 23. Ne3 Be6 24. cxd5 cxd5 25. b4 Ne7 26. Qb3 Nc6 27. Bc3 Ne7 28. b5
axb5 29. Bxb5 Qd8 30. Bf1 Ra7 31. Bb5 Bc7 32. Qb4 Bd6 33. Qb2 Bc7 34. Qd2 h6 35.
Bb4 Nc8 36. Bf1 Ne7 37. Bb5 Nc8 38. Ra3 Nd6 39. Bd3 Ne8 40. Ng2 Nf6 41. Nf4 Bd7
42. f3 Ra8 43. Kg2 Bc6 44. Bb1 Qd7 45. Nd3 Re8 46. Nc5 Qd8 47. Nd3 Bb5 48. Ra2
Nd7 49. Rb2 Ba6 50. Qc3 1/2-1/2

[Event "25th European Teams"]
[Site "Batumi GEO"]
[Date "2025.10.07"]
[Round "3.11"]
[Board "3"]
[White "Blomqvist, Erik"]
[Black "Dragnev, Valentin"]
[Result "1-0"]
[WhiteTitle "GM"]
[BlackTitle "GM"]
[WhiteElo "2478"]
[BlackElo "2539"]
[WhiteTeam "Sweden"]
[BlackTeam "Austria"]
[WhiteFideId "1709437"]
[BlackFideId "1634852"]
[EventDate "2025.10.05"]

1. e4 c5 2. Nf3 e6 3. d4 cxd4 4. Nxd4 a6 5. c4 Nf6 6. Nc3 Bb4 7. Qd3 d6 8. Nc2
Bxc3+ 9. Qxc3 O-O 10. f3 d5 11. e5 Nfd7 12. cxd5 Nb6 13. d6 Nd5 14. Qd4 Nc6 15.
Qe4 f5 16. exf6 Nxf6 17. Qc4 Ne8 18. Be3 Nxd6 19. Qc5 Nf5 20. Bf2 Qg5 21. Rd1
Rf7 22. Ne3 Qf6 23. Nc4 Rd7 24. Bd3 Qd8 25. Be2 Rxd1+ 26. Bxd1 Rb8 27. Nb6 Nfd4
28. O-O e5 29. Re1 Be6 30. b3 Qf6 31. Bg3 Rd8 32. Nc4 Bxc4 33. bxc4 Qd6 34. Qxd6
Rxd6 35. Bxe5 Nxe5 36. Rxe5 Nc6 37. Rd5 Rxd5 38. cxd5 Nb4 39. a3 Nd3 40. Bc2 Ne5
41. Kf2 Nc4 42. Bd3 Nxa3 43. Bxh7+ Kf7 44. Bd3 Ke7 45. Ke3 Kd6 46. Kd4 Nb5+ 47.
Bxb5 axb5 48. h4 b4 49. h5 b3 50. Kc3 Kxd5 51. Kxb3 Ke5 52. g4 Kd5 1-0

[Event "25th European Teams"]
[Site "Batumi GEO"]
[Date "2025.10.07"]
[Round "3.11"]
[Board "4"]
[White "Blohberger, Felix"]
[Black "Pantzar, Milton"]
[Result "1/2-1/2"]
[WhiteTitle "GM"]
[BlackTitle "IM"]
[WhiteElo "2513"]
[BlackElo "2433"]
[WhiteTeam "Austria"]
[BlackTeam "Sweden"]
[WhiteFideId "1632051"]
[BlackFideId "1721003"]
[EventDate "2025.10.05"]

1. d4 d5 2. c4 e6 3. Nc3 Nf6 4. Bg5 Be7 5. e3 Nbd7 6. Nf3 O-O 7. Qc2 c6 8. a3 h6
9. Bh4 b6 10. cxd5 Nxd5 11. Nxd5 cxd5 12. Bxe7 Qxe7 13. Qc7 Qd8 14. Rc1 Nf6 15.
Ne5 Qxc7 16. Rxc7 Ne8 17. Re7 Nd6 18. Bd3 Bb7 19. Kd2 Rae8 20. Rxe8 Rxe8 21. h4
f6 22. Ng6 Kf7 23. f3 Rc8 24. b3 Bc6 25. h5 a5 26. a4 Bd7 27. Rf1 Bc6 28. Re1
Bb7 29. g4 Rc7 30. Rb1 Bc6 31. Rc1 Rc8 32. Ba6 Bb7 33. Rxc8 Bxc8 34. Bxc8 Nxc8
35. e4 Ne7 36. Nxe7 Kxe7 37. Ke3 Kd7 38. f4 Kd6 39. e5+ Ke7 40. f5 exf5 41. gxf5
Ke8 1/2-1/2

[Event "25th European Teams"]
[Site "Batumi GEO"]
[Date "2025.10.07"]
[Round "3.12"]
[Board "1"]
[White "Rodshtein, Maxim"]
[Black "Kadric, Denis"]
[Result "0-1"]
[WhiteTitle "GM"]
[BlackTitle "GM"]
[WhiteElo "2647"]
[BlackElo "2533"]
[WhiteTeam "Israel"]
[BlackTeam "Montenegro"]
[WhiteFideId "2806851"]
[BlackFideId "14403803"]
[EventDate "2025.10.05"]

1. d4 d5 2. Nf3 e6 3. e3 Nf6 4. Bd3 Be7 5. b3 c5 6. Bb2 O-O 7. Nbd2 b6 8. O-O
cxd4 9. exd4 Ba6 10. c4 Nc6 11. a3 Rc8 12. Qe2 Bd6 13. Rfe1 Ne7 14. Rad1 Bb7 15.
g3 Rc7 16. Ne5 Qa8 17. f4 Rd8 18. Ndf3 dxc4 19. bxc4 Bxe5 20. Nxe5 Ng6 21. Rd2
Qc8 22. h3 Ne8 23. Kh2 Nd6 24. Rc2 b5 25. cxb5 Rxc2 26. Bxc2 Nxe5 27. dxe5 Nxb5
28. Rc1 Qa8 29. Rd1 Rxd1 30. Bxd1 Nc7 31. Bd4 Qd8 32. Bxa7 Qd5 33. g4 Nb5 0-1

[Event "25th European Teams"]
[Site "Batumi GEO"]
[Date "2025.10.07"]
[Round "3.12"]
[Board "2"]
[White "Petrov, Nikita"]
[Black "Gorshtein, Ido"]
[Result "1/2-1/2"]
[WhiteTitle "GM"]
[BlackTitle "GM"]
[WhiteElo "2576"]
[BlackElo "2537"]
[WhiteTeam "Montenegro"]
[BlackTeam "Israel"]
[WhiteFideId "4101286"]
[BlackFideId "2815532"]
[EventDate "2025.10.05"]

1. e4 e5 2. Nf3 Nf6 3. Nxe5 d6 4. Nf3 Nxe4 5. d4 d5 6. Bd3 Nc6 7. O-O Be7 8.
Nbd2 Nxd2 9. Bxd2 Bg4 10. c3 O-O 11. h3 Bh5 12. g3 Qd7 13. Kg2 Bg6 14. Bf4 Be4
15. Re1 f5 16. Kh2 Bd6 17. Ne5 Qe7 18. Qd2 Bxe5 19. Bxe5 Nxe5 20. dxe5 Rad8 21.
f4 c5 22. Rad1 Bf3 23. Be2 Be4 24. Bd3 Bf3 25. Be2 Be4 26. Bd3 Bf3 1/2-1/2

[Event "25th European Teams"]
[Site "Batumi GEO"]
[Date "2025.10.07"]
[Round "3.12"]
[Board "3"]
[White "Sokolovsky, Yahli"]
[Black "Draskovic, Luka"]
[Result "1/2-1/2"]
[WhiteTitle "GM"]
[BlackTitle "GM"]
[WhiteElo "2539"]
[BlackElo "2486"]
[WhiteTeam "Israel"]
[BlackTeam "Montenegro"]
[WhiteFideId "2820242"]
[BlackFideId "944335"]
[EventDate "2025.10.05"]

1. e4 e5 2. Nf3 Nc6 3. Bb5 a6 4. Ba4 Nf6 5. O-O Nxe4 6. d4 Be7 7. Re1 b5 8. Rxe4
d5 9. Nxe5 Nxe5 10. Rxe5 bxa4 11. Qe2 Be6 12. f4 Kf8 13. Nc3 Bd6 14. Nxa4 Qf6
15. Be3 Bxe5 16. fxe5 Qg6 17. Rf1 h5 18. h4 Kg8 19. Nc5 Kh7 20. Bg5 Bg4 21. Qd2
Rhf8 22. Nd3 f6 23. Nf4 Qe4 24. Re1 Qf5 25. exf6 Rae8 26. fxg7 Rxe1+ 27. Qxe1
Kxg7 28. Qc3 Qd7 29. Qc5 Rf5 30. Qxc7 Qxc7 31. Ne6+ Kf7 32. Nxc7 Be2 33. Kh2 a5
34. Kg3 a4 35. Bf4 Ke7 36. Be5 Rf1 37. Nxd5+ Kf7 38. Nc3 a3 39. bxa3 Bc4 40. Ne4
Bd5 41. Nd6+ Ke6 42. c4 Ba8 43. Ne8 Kf5 44. Ng7+ Kg6 45. Ne6 Rc1 46. Nf4+ Kf5
47. Nxh5 Rc3+ 48. Kh2 Rxc4 49. Kh3 Rc3+ 50. g3 Bf3 51. Nf6 Rxa3 52. h5 Kg5 53.
d5 Bxh5 54. d6 Bg6 55. d7 Bf5+ 56. Kg2 Rxa2+ 57. Kg1 Rd2 58. Bf4+ Kxf6 59. Bxd2
Bxd7 1/2-1/2

[Event "25th European Teams"]
[Site "Batumi GEO"]
[Date "2025.10.07"]
[Round "3.12"]
[Board "4"]
[White "Vukcevic, Nemanja"]
[Black "Boruchovsky, Avital"]
[Result "1/2-1/2"]
[WhiteTitle "FM"]
[BlackTitle "GM"]
[WhiteElo "2349"]
[BlackElo "2509"]
[WhiteTeam "Montenegro"]
[BlackTeam "Israel"]
[WhiteFideId "941808"]
[BlackFideId "2800055"]
[EventDate "2025.10.05"]

1. e4 c5 2. Nf3 Nc6 3. d4 cxd4 4. Nxd4 e5 5. Nb5 d6 6. N1c3 a6 7. Na3 Be7 8. Nc4
b5 9. Ne3 Nf6 10. Bd3 Nb4 11. Be2 O-O 12. O-O Be6 13. a3 Nc6 14. Ned5 Nd4 15.
Bd3 Nxd5 16. Nxd5 Bg5 17. c3 Bxc1 18. Rxc1 Nc6 19. Ne3 Qb6 20. Qe2 Ne7 21. Rfd1
Rad8 22. Rd2 g6 23. a4 d5 24. exd5 Nxd5 25. Nxd5 Rxd5 26. axb5 axb5 27. Rcd1
Rfd8 28. Be4 Rxd2 29. Rxd2 Bc4 30. Qd1 Rxd2 31. Qxd2 Kg7 32. h4 h6 33. Qd7 Qa6
34. Bd5 Bxd5 35. Qxd5 Qa1+ 36. Kh2 Qxb2 37. Qxe5+ Kg8 38. Qe8+ Kg7 39. Qe5+ Kg8
40. Qe8+ 1/2-1/2

[Event "25th European Teams"]
[Site "Batumi GEO"]
[Date "2025.10.07"]
[Round "3.13"]
[Board "1"]
[White "Petriashvili, Nikoloz"]
[Black "Moroni, Luca Jr"]
[Result "0-1"]
[WhiteTitle "IM"]
[BlackTitle "GM"]
[WhiteElo "2489"]
[BlackElo "2544"]
[WhiteTeam "Georgia 2"]
[BlackTeam "Italy"]
[WhiteFideId "13611216"]
[BlackFideId "865834"]
[EventDate "2025.10.05"]

1. e4 e6 2. d4 d5 3. Bd3 dxe4 4. Bxe4 Nf6 5. Bf3 Nc6 6. Be3 Ne7 7. Qd3 a6 8. Ne2
Nf5 9. Nbc3 Be7 10. O-O-O Nd5 11. Bd2 c6 12. Ne4 b5 13. Rhg1 a5 14. Nc5 Nd6 15.
Kb1 O-O 16. Nf4 Nc4 17. Bc1 e5 18. Nh5 g6 19. Bh6 Bf5 20. Be4 Bxe4 21. Nxe4 f5
22. Nc5 Rf7 23. g4 e4 24. Qh3 fxg4 25. Qxg4 Bxc5 26. dxc5 Qe7 27. Rde1 e3 28. f4
Qe4 29. Qd1 Nxb2 30. Kxb2 Qb4+ 31. Ka1 Qc3+ 32. Kb1 Qa3 33. Qd3 Nc3+ 34. Qxc3
Qxc3 35. Ng3 Rd8 36. f5 Rd2 37. Rc1 Qb4+ 38. Ka1 Qc3+ 39. Kb1 Rd4 0-1

[Event "25th European Teams"]
[Site "Batumi GEO"]
[Date "2025.10.07"]
[Round "3.13"]
[Board "2"]
[White "Vocaturo, Daniele"]
[Black "Tutisani, Noe"]
[Result "1/2-1/2"]
[WhiteTitle "GM"]
[BlackTitle "IM"]
[WhiteElo "2563"]
[BlackElo "2424"]
[WhiteTeam "Italy"]
[BlackTeam "Georgia 2"]
[WhiteFideId "813192"]
[BlackFideId "13602853"]
[EventDate "2025.10.05"]

1. e4 c5 2. Nf3 d6 3. d4 cxd4 4. Nxd4 Nf6 5. Bb5+ Bd7 6. c4 g6 7. Nc3 Bg7 8. O-O
O-O 9. Bxd7 Qxd7 10. h3 Nc6 11. Be3 a6 12. a4 Rac8 13. b3 Qd8 14. Nde2 Nd7 15.
Rb1 Nc5 16. Qd2 Na5 17. Qa2 Ncxb3 18. Rxb3 Nxb3 19. Qxb3 Qc7 20. c5 e6 21. cxd6
Qxd6 22. Rd1 Qc6 23. Bd4 Rfd8 24. Bxg7 Kxg7 25. Rxd8 Rxd8 26. Qb4 b6 27. e5 Rd3
28. Qf4 Rxc3 29. Qf6+ Kg8 30. Qd8+ Kg7 31. Qf6+ 1/2-1/2

[Event "25th European Teams"]
[Site "Batumi GEO"]
[Date "2025.10.07"]
[Round "3.13"]
[Board "3"]
[White "Quparadze, Giga"]
[Black "Brunello, Sabino"]
[Result "1-0"]
[WhiteTitle "GM"]
[BlackTitle "GM"]
[WhiteElo "2493"]
[BlackElo "2493"]
[WhiteTeam "Georgia 2"]
[BlackTeam "Italy"]
[WhiteFideId "13602250"]
[BlackFideId "813613"]
[EventDate "2025.10.05"]

1. e4 e5 2. Nf3 Nc6 3. Bb5 a6 4. Ba4 Nf6 5. O-O Be7 6. d3 b5 7. Bb3 d6 8. a4 b4
9. a5 O-O 10. h3 Be6 11. Nbd2 h6 12. Nc4 Rb8 13. Be3 Qc8 14. Nfd2 d5 15. exd5
Bxd5 16. Re1 Rd8 17. Qe2 Bf8 18. Ba4 Qf5 19. f3 Nd4 20. Qf2 c5 21. Qg3 Nh5 22.
Qxe5 Qg6 23. Bxd4 cxd4 24. g4 Nf6 25. Qf5 Qxf5 26. gxf5 Nh5 27. Kf2 Rb7 28. Nb6
Rc7 29. Re5 Bb7 30. Rae1 Bd6 31. Re8+ Rxe8 32. Rxe8+ Kh7 33. Ne4 Bf4 34. Nd7
Be3+ 35. Ke1 g5 36. Re7 Kh8 37. Rxf7 Bd5 38. Re7 b3 39. c4 dxc3 40. Nxc3 Bd4 41.
Nxd5 Rc1+ 42. Kd2 Rc2+ 43. Kd1 Rxb2 44. f6 Rb1+ 45. Kd2 b2 46. f7 Bg7 47. Re8+
Kh7 48. Bc2 1-0

[Event "25th European Teams"]
[Site "Batumi GEO"]
[Date "2025.10.07"]
[Round "3.13"]
[Board "4"]
[White "Sonis, Francesco"]
[Black "Sanikidze, Tornike"]
[Result "1-0"]
[WhiteTitle "GM"]
[BlackTitle "GM"]
[WhiteElo "2561"]
[BlackElo "2409"]
[WhiteTeam "Italy"]
[BlackTeam "Georgia 2"]
[WhiteFideId "895733"]
[BlackFideId "13602608"]
[EventDate "2025.10.05"]

1. e4 e5 2. Nf3 Nc6 3. Bc4 Bc5 4. d3 Nf6 5. c3 a5 6. O-O Ba7 7. Be3 d6 8. Nbd2
O-O 9. Re1 Ne7 10. Bxa7 Rxa7 11. d4 Ng6 12. Bf1 Ra8 13. h3 b6 14. Nc4 Bb7 15.
dxe5 Nxe5 16. Ncxe5 dxe5 17. Nxe5 Nxe4 18. Bd3 Nd6 19. Qh5 h6 20. h4 Re8 21. Re3
Re6 22. Rae1 Qe8 23. Qg4 Qf8 24. Nxf7 Rxe3 25. Nxh6+ Kh8 26. Rxe3 gxh6 27. Re6
Nf7 28. Qf5 Qg7 29. Rg6 Nd6 30. Qh5 Nf7 31. Rxg7 Kxg7 32. Qg6+ Kf8 33. Bc4 Nd6
34. Qxh6+ Ke7 35. Qg7+ 1-0

[Event "25th European Teams"]
[Site "Batumi GEO"]
[Date "2025.10.07"]
[Round "3.14"]
[Board "1"]
[White "Bjerre, Jonas Buhl"]
[Black "Lashkin, Jegor"]
[Result "1/2-1/2"]
[WhiteTitle "GM"]
[BlackTitle "IM"]
[WhiteElo "2629"]
[BlackElo "2497"]
[WhiteTeam "Denmark"]
[BlackTeam "Moldova"]
[WhiteFideId "1444948"]
[BlackFideId "13907808"]
[EventDate "2025.10.05"]

1. e4 c5 2. Nf3 d6 3. d4 cxd4 4. Nxd4 Nf6 5. Nc3 a6 6. Bd3 e5 7. Nde2 Nc6 8. O-O
Be6 9. Be3 Be7 10. Kh1 Rc8 11. f4 exf4 12. Nxf4 Ne5 13. a4 O-O 14. a5 Nfd7 15.
Be2 Re8 16. Bg1 Qc7 17. Nfd5 Bxd5 18. Qxd5 Nf6 19. Qd2 Qc6 20. Qf4 Bd8 21. Bd4
Qd7 22. Qg3 Kh8 23. Bd3 Nh5 24. Qf2 Nc6 25. Be3 Nf6 26. Nd5 Re6 27. Qf5 Ne5 28.
Bd4 Re8 29. Qf4 Qe6 30. Bc3 Nfd7 31. Be2 Qg6 32. Rad1 Bg5 33. Qf5 Qxf5 34. exf5
Bd8 35. Rfe1 Kg8 36. Bf1 Kf8 37. g3 Nc5 38. Bg2 g6 39. f6 Ng4 40. Rxe8+ Kxe8 41.
Re1+ Kf8 42. Bf3 Ne5 43. Bxe5 dxe5 44. Rxe5 Rc6 45. Bg4 Ne6 46. b4 Rxc2 47. Bxe6
fxe6 48. Rxe6 Rc6 49. Rxc6 bxc6 50. Nb6 Bxf6 51. Nd7+ Ke7 52. Nc5 Bd4 53. Nxa6
Kd6 54. Kg2 Kd5 55. Nb8 Ba7 56. Nd7 Kc4 57. Ne5+ Kd5 58. Nf7 Kc4 59. Nd8 Kb5 60.
Kf3 Bd4 61. Ke4 Bg1 62. h3 h5 63. Kf4 Bf2 64. g4 hxg4 65. hxg4 Be1 66. a6 Kxa6
67. Nxc6 Kb6 68. Ne7 Kb5 69. Nxg6 Bxb4 70. Kf5 Bd2 71. Nf4 Kc6 72. g5 Kd6 73. g6
Bc3 74. Nh5 Ke7 75. Kg5 Bd2+ 76. Kf5 Bc3 77. Ng3 Bb2 78. Kg5 Bc1+ 79. Kh5 Kf6
80. Nf5 Bb2 81. g7 Kf7 82. Kh6 Bxg7+ 83. Nxg7 1/2-1/2

[Event "25th European Teams"]
[Site "Batumi GEO"]
[Date "2025.10.07"]
[Round "3.14"]
[Board "2"]
[White "Schitco, Ivan"]
[Black "Thybo, Jesper Sondergaard"]
[Result "1/2-1/2"]
[WhiteTitle "GM"]
[BlackTitle "GM"]
[WhiteElo "2483"]
[BlackElo "2578"]
[WhiteTeam "Moldova"]
[BlackTeam "Denmark"]
[WhiteFideId "13905465"]
[BlackFideId "1438832"]
[EventDate "2025.10.05"]

1. d4 Nf6 2. c4 e6 3. Nf3 d5 4. Nc3 c5 5. cxd5 cxd4 6. Qxd4 exd5 7. Bg5 Be7 8.
e3 O-O 9. Be2 Nc6 10. Qd3 h6 11. Bh4 Qb6 12. O-O Rd8 13. Rfd1 Qxb2 14. Rab1 Qa3
15. Bxf6 Bxf6 16. Nxd5 Qxd3 17. Nxf6+ gxf6 18. Rxd3 Rxd3 19. Bxd3 Ne5 20. Nxe5
fxe5 21. Bc4 b6 22. f3 Kf8 23. e4 Rb8 24. Kf2 Ke7 25. Ke3 Bd7 26. f4 Rc8 27. Bb3
exf4+ 28. Kxf4 b5 29. g4 a5 30. h4 a4 31. Bd5 Rc2 32. g5 Rg2 33. gxh6 Rg4+ 34.
Ke5 Rxh4 35. Rf1 f6+ 36. Kd4 Rxh6 37. Rg1 Kd6 38. Rf1 Ke7 39. Rg1 Kd6 40. Rf1
Ke7 1/2-1/2

[Event "25th European Teams"]
[Site "Batumi GEO"]
[Date "2025.10.07"]
[Round "3.14"]
[Board "3"]
[White "Olsen, Filip Boe"]
[Black "Hamitevici, Vladimir"]
[Result "1-0"]
[WhiteTitle "IM"]
[BlackTitle "GM"]
[WhiteElo "2451"]
[BlackElo "2445"]
[WhiteTeam "Denmark"]
[BlackTeam "Moldova"]
[WhiteFideId "1440640"]
[BlackFideId "13902393"]
[EventDate "2025.10.05"]

1. d4 Nf6 2. c4 e6 3. Nc3 d5 4. cxd5 exd5 5. Bg5 c6 6. e3 Be7 7. Bd3 O-O 8. Nge2
h6 9. Bh4 Ne8 10. Bg3 Bd6 11. O-O Qe7 12. Qd2 Be6 13. Nf4 Nd7 14. Rae1 g5 15.
Nxe6 fxe6 16. e4 Bxg3 17. hxg3 Qg7 18. e5 Nc7 19. f4 Rae8 20. Nd1 c5 21. Qa5 Rc8
22. f5 c4 23. Bb1 Nb8 24. Ne3 Nc6 25. Qd2 Nb5 26. f6 Qh8 27. Nxd5 Nbxd4 28. Ne7+
Nxe7 29. fxe7 Rxf1+ 30. Kxf1 1-0